|
|
|
|
| LEADER |
00000cam a2200000 7i4500 |
| 001 |
0000003242 |
| 002 |
000003499 |
| 005 |
20011210.0 |
| 020 |
|
|
|a 0861635523
|
| 090 |
0 |
0 |
|a 912
|b WOO
|
| 100 |
1 |
|
|a Wood, Tim
|
| 245 |
1 |
0 |
|a What happened then? :
|b a first look at history
|c Tim Wood ; illustrated by Nick Hewetson
|
| 260 |
|
|
|a London :
|b Award Publications ,
|c 1992
|
| 300 |
|
|
|a 61p. :
|b ill ;
|c 26cm.
|
| 650 |
0 |
0 |
|a World history
|x Juvenile literature
|
| 700 |
1 |
|
|a Hewetson, Nick ,
|e illustrated
|
| 999 |
|
|
|a 00074802
|b BUKU
|c PINJAMAN
|e PERPUSTAKAAN KOMUNITI PETALING JAYA
|
| 999 |
|
|
|a 00074804
|b BUKU
|c PINJAMAN
|e PERPUSTAKAAN KOMUNITI PETALING JAYA
|
| 999 |
|
|
|a 045407
|b BUKU
|c JUNIOR BOOKS
|e PERPUSTAKAAN KOMUNITI CAW KOTA DAMANSARA
|
| 999 |
|
|
|a 045408
|b BUKU
|c JUNIOR BOOKS
|e PERPUSTAKAAN KOMUNITI CAW KOTA DAMANSARA
|
| 999 |
|
|
|a 045409
|b BUKU
|c PINJAMAN
|e PERPUSTAKAAN KOMUNITI CAW KOTA DAMANSARA
|